000 01235nam a22002537a 4500
999 _c64750
_d64750
005 20251125233107.0
008 s2554 th ||||| |||| 00| 0 tha d
020 _a9786167071428
040 _aNALT
050 _aDT77 อ873ฟ 2554
100 0 _aเอกชัย จันทรา
245 1 0 _aฟาโรห์ มัมมี่ พีระมิด เปิดโลกไอยคุปต์ มหาอาณาจักรพิศวงเหนือลุ่มน้ำไนล์
260 3 _aกรุงเทพฯ :
_bยิปซี กรุ๊ป,
_c2554
300 _a144 หน้า :
_b ภาพประกอบ ;
_c 21 ซม.
650 0 4 _aโบราณคดี (การขุดค้น) -- อียิปต์
650 0 4 _aอียิปต์ -- โบราณสถาน
650 0 4 _aหลุมฝังศพ -- อียิปต์
650 0 4 _aโบราณวัตถุ -- อียิปต์
650 0 4 _aอียิปต์ -- ประวัติศาสตร์
850 _aNALT
856 4 0 _uhttps://hdl.handle.net/20.500.14156/411762
_71
942 _cGB
_2lcc